| 000 | 01443nam a2200277 a 4500 | ||
|---|---|---|---|
| 008 | 120416s1996 ||||||||||||||||| || u | ||
| 020 | _a0471154180 | ||
| 050 | _aNA 2728 Nee | ||
| 100 | _aCallori, B. Robert | ||
| 245 | 1 | 0 | _aSoftdesk solutions |
| 246 | _athe essential guide to Auto-Architect | ||
| 260 |
_aNew York _bJohn Wiley and Sons _c1996 |
||
| 300 | _axxiv, 456 p. : ill. | ||
| 350 | _a0.00 | ||
| 650 | _aARCHITECTURAL DESIGN--EVALUATION | ||
| 650 | _aSoftdesk Core (Computer file) | ||
| 650 | _aAUTO--ARCHITECT (COMPUTER FILE) | ||
| 650 | _aTEXTBOOKS | ||
| 700 | _aNeeley, Dennis | ||
| 710 | _aSoftdesk, Inc | ||
| 995 |
_aANNEX COLLECTION (Main Library) _D0.00 _e733671 _FCBU-MAIN LIBRARY (Kitwe) _H1 _I46.50 _jNA 2728 Nee _M1 _UAVAILABLE _WMay 31, 2006 _y45672 _ZAnnex Low-Usage Collection |
||
| 995 |
_aANNEX COLLECTION (Main Library) _D0.00 _e733672 _FCBU-MAIN LIBRARY (Kitwe) _H2 _I46.50 _jNA 2728 Nee _M2 _UAVAILABLE _y45673 _ZAnnex Low-Usage Collection |
||
| 995 |
_aMAIN LIBRARY OPEN ACCESS _D0.00 _e45669 _FCBU-MAIN LIBRARY (Kitwe) _H3 _I46.50 _jNA 2728 Nee _UAVAILABLE _y45669 _ZMain Library Open Access Collection |
||
| 995 |
_aMAIN LIBRARY OPEN ACCESS _D0.00 _e733675 _FCBU-MAIN LIBRARY (Kitwe) _H5 _I46.50 _jNA 2728 Nee _M5 _UAVAILABLE _y45670 _ZMain Library Open Access Collection |
||
| 995 |
_aANNEX COLLECTION (Main Library) _D0.00 _e733674 _FCBU-MAIN LIBRARY (Kitwe) _H4 _I46.50 _jNA 2728 Nee _M4 _UAVAILABLE _y45671 _ZAnnex Low-Usage Collection |
||
| 999 |
_c76616 _d76616 |
||